La chica del crillón

Đã lưu trong:
Chi tiết về thư mục
Tác giả chính: Edwards Bello, Joaquín (Tác giả)
Định dạng: Sách
Ngôn ngữ:Tiếng Tây Ban Nha
Được phát hành: Santiago Zig-Zag 1966
Phiên bản:4a. ed
Loạt:Biblioteca de Novelistas
Những chủ đề:
Các nhãn: Thêm thẻ
Không có thẻ, Là người đầu tiên thẻ bản ghi này!

MARC

LEADER 00000nam a2200000 a 4500
001 UCH6936
003 CL-VaPUC
008 091109e19660000CL |||||||||||||||||spa|d
082 0 4 |a Ch863  |b EDW  |2 21 
100 0 |a Edwards Bello, Joaquín  |e author  |9 344236 
245 1 3 |a La chica del crillón 
250 |a 4a. ed 
300 |a 211 p 
942 |c BK 
945 |d 20091109 00:00:00  |a lazolas 
260 |a Santiago  |b Zig-Zag  |c 1966 
650 0 |a Novelas chilenas   |9 265425 
650 0 |a Literatura chilena   |9 308278 
583 |a last modification  |c 20091109 00:00:00  |k Rodrigo Vera 
490 0 |a Biblioteca de Novelistas 
999 |c 337731  |d 337729